000 00303nam a22001337a 4500
008 181217b xxu||||| |||| 00| 0 eng d
020 _a9780890134986
041 _aeng
080 _a701
100 _a44
101 _aART
245 _aRichard Diebenkorn in New Mexico
_cNordland,G
942 _2udc
_cBK
999 _c53233
_d53233